000 004220000a22001810004500
003 MACL
005 20151119161343.0
008 151119b xxu||||| |||| 00| 0 eng d
040 _aMACL
_cMACL
041 _aEnglish
082 _a700
100 _aMookerjee, Ajit
_97775
245 _aRitual Art of India
260 _bThames and Hudson
_c1985
_aLondon
350 _a295
650 _aArts
_917560
942 _cBK
_k700
_2ddc
999 _c5365
_d5365